书目信息 |
| 题名: |
智力游戏
|
|
| 作者: | 古禾 选编 ;王肇庆 绘 | |
| 分册: | 1 | |
| 出版信息: | 北京 北京出版社 1982 |
|
| 页数: | 128页 | |
| 开本: | 19cm | |
| 丛书名: | ||
| 单 册: | ||
| 中图分类: | G898.2 | |
| 科图分类: | ||
| 主题词: | 智力游戏 | |
| 电子资源: | ||
| ISBN: | ||
| 000 | 00624nam0 2200241 45 | |
| 001 | 0182002154 | |
| 005 | 20060820144705.92 | |
| 010 | @dCNY0.32 | |
| 091 | @aCN@b7071.766 | |
| 100 | @a19950703d1982 am y0chiy0121 ea | |
| 101 | 0 | @achi |
| 102 | @aCN@b110000 | |
| 105 | @ay z 000yy | |
| 200 | 10 | @a智力游戏@h1@Azhi li you xi@f古禾选编@g王肇庆绘 |
| 210 | @a北京@c北京出版社@d1982 | |
| 215 | @d19cm@a128页 | |
| 606 | @a智力游戏 | |
| 690 | @aG898.2@v3 | |
| 701 | 0 | @a古禾@Agu he@4选编 |
| 702 | 0 | @a王肇庆@Awang zhao qing@4绘 |
| 801 | 2 | @aCN@bNLC@c20060820 |
| 801 | 0 | @aCN@bTSSF@c20060803 |
| 905 | @a10447@dG898.2@e208 | |
| 智力游戏.1/古禾选编/王肇庆绘.-北京:北京出版社,1982 |
| 19cm;128页 |
| ISBN :CNY0.32 |
| ● |
| 相关链接 |
|
|
|
|
正题名:智力游戏
索取号:G898.2/208
 
预约/预借
| 序号 | 登录号 | 条形码 | 馆藏地/架位号 | 状态 | 备注 |
| 1 | 0446660 | 204466602 | 密集书库/ [索取号:G898.2/208] | 在馆 | |
| 2 | 0446746 | 204467460 | 密集书库/ [索取号:G898.2/208] | 在馆 | |
| 3 | 0471665 | 204716655 | 密集书库/ [索取号:G898.2/208] | 在馆 |